000 01185nam a2200265 a 4500
001 63698
003 BD-RjUL
005 20211209081226.0
008 170202s2010 bg ||||| |||| 00| 0 ben d
020 _a984323541
_c: TK 185.00
035 _a(BD-RjUL) 63827
040 _aBD-RjUL
_bben
_cBD-RjUL
041 _aben
082 _223
_a370.92
_bSHS 2010
100 _aশামসুজ্জোহা
_9189147
245 1 0 _aশামসুজ্জোহা স্মারকগ্রন্থ /
_cশামসুজ্জোহা
260 _aঢাকা :
_bপ্রাধ্যক্ষ, শামসুজ্জোহা হল,
_c২০১০
300 _a১৫৩ পৃ. ;
_c২১ সেমি.
600 _aশামসুজ্জোহা, মুহাম্মদ
_xশিক্ষাবিদ
_xজীবনী
_9240285
600 _cShamsuzzoha, Muhammad
_xEducators
_xBiography
_9240286
650 _aশিক্ষাবিদ
_zবাংলাদেশ
_xজীবনী
_9240287
650 _aEducators
_zBangladesh
_xBiography
_9240288
700 _aখালেদ, মর্ত্তুজা, সম্পাদক
_9240289
942 _2ddc
_cBK
999 _c63698
_d63698